| 000 | 00798nam a2200253Ia 4500 | ||
|---|---|---|---|
| 001 | Z_12 | ||
| 003 | CHAP | ||
| 005 | 20220920192841.0 | ||
| 008 | 220113s1985 xx 000 0 und d | ||
| 010 | _a162978 | ||
| 040 | _cCHAP | ||
| 090 | _aFolleto 30 | ||
| 100 |
_aDiagnóstico Integral de la Ganadería Bovina en el Trópico Mexicano _9137190 |
||
| 245 |
_aInforme sobre recorridos de campo en el Estado de Chiapas / _cPor Arturo Roman Moguel, responsable |
||
| 260 |
_a[s.l.] : _bEl Diagnóstico, _c1985 |
||
| 300 | _a[12] p. | ||
| 650 |
_aGanadería _xEstudio y enseñanza I. Roman Moguel, Arturo II. t. _9137191 |
||
| 650 |
_aGanadería _xInvestigación _xChiapas _944765 |
||
| 901 | _aFOLLETO 30 | ||
| 902 | _aM | ||
| 910 | _a1985 | ||
| 942 |
_cFOLL _2local |
||
| 942 |
_cFOLL _2local |
||
| 999 |
_c162978 _d162978 |
||